Thinking through the Bible; vol. 2. (Record no. 15778)

000 -LEADER
fixed length control field 00645nam a2200193 a 4500
001 - CONTROL NUMBER
control field :::00016370$&:&@@
003 - CONTROL NUMBER IDENTIFIER
control field OkBaRHE
005 - DATE AND TIME OF LATEST TRANSACTION
control field 20000916152126.0
008 - FIXED-LENGTH DATA ELEMENTS--GENERAL INFORMATION
fixed length control field s1944 j 000 0 eng u
040 ## - CATALOGING SOURCE
Transcribing agency
100 1# - MAIN ENTRY--PERSONAL NAME
Personal name McNicol, John.
245 10 - TITLE STATEMENT
Title Thinking through the Bible; vol. 2.
260 ## - PUBLICATION, DISTRIBUTION, ETC. (IMPRINT)
Place of publication, distribution, etc Toronto, Ontario, CAN., :
Name of publisher, distributor, etc The Upper Canada Tract and Book Society
Date of publication, distribution, etc c1944
300 ## - PHYSICAL DESCRIPTION
Extent v. (1-2) ;
Dimensions 21 cm.
650 ## - SUBJECT ADDED ENTRY--TOPICAL TERM
Topical term or geographic name as entry element Bible
General subdivision Handbooks, Manuals, etc.
650 ## - SUBJECT ADDED ENTRY--TOPICAL TERM
Topical term or geographic name as entry element Bible
General subdivision Study
-- Outlines, Syllabi, etc.
942 ## - ADDED ENTRY ELEMENTS (KOHA)
Source of classification or shelving scheme
Koha item type Books
Copies
Price effective from Full call number Shelving location Source of classification or shelving scheme Withdrawn status Date acquired Date last seen Koha item type Not for loan Lost status Copy number Permanent Location Barcode Current Location Damaged status
2010-04-14BS 591 .M169General Stacks  2010-04-142018-02-27Books  1RHEMA Bible Training College16370RHEMA Bible Training College